Océan - Statistiques

Statistiques générales
  • Ce quiz a été pris 44 fois
  • Le résultat moyen est 5 sur 5
Statistiques - réponses
Réponse % Correct
Océan Atlantique
100%
Océan Pacifique
100%
Océan Indien
98%
Océan Glacial Arctique
85%
Océan Glacial Antarctique
70%
Aucun quiz correspondant
Distribution des résultats
% des personnes avec chaque résultat
Percentile par nombre de réponses
Votre historique - résultats
Vous n’avez pas pris ce quiz